000 00487pab a2200181 454500
008 180718b2007 xxu||||| |||| 00| 0 eng d
100 _aJohnson, Carole
245 _aThe UK parliament and performance: challenging or challenged?
260 _c2007
300 _ap.113-31.
362 _aMar
650 _aGreat Britain. Parliament
650 _aParliament
700 _aTalbot, Colin
773 _aInternational Review of Administrative Sciences
908 _aN
909 _a73810
999 _c73810
_d73810